000 00485nam a2200181Ia 4500
008 090124s9999 xx 000 0 und d
082 _b38545
100 _aपाटील आनंद
245 _a तुळव
250 _a1
260 _bग्रंथाली प्रकाशन
_c2002
300 _a184
600 _aपाटील आनंद
630 _a तुळव
700 _aपाटील आनंद
730 _a तुळव
942 _cBOOK
999 _c104564
_d104564